000 01188nam a2200301 i 4500
001 bg
100 1 _aSokalski, Janusz.
245 1 0 _aRoboty ziemne i konstrukcyjne :
_b[instrukcja].
_nZ.3,
_pKonstrukcje murowe /
_c[Janusz Sokalski].
260 _aWarszawa :
_bInstytut Techniki Budowlanej,
_c2006.
300 _a59 s. :
_brys. ;
_c24 cm.
490 1 _aInstrukcje. Wytyczne. Poradniki / Instytut Techniki Budowlanej ;
_aWarunki techniczne wykonania i odbioru robót budowlanych ;
_v425/2006
_vCz. A
490 1 _aWarunki techniczne wykonania i odbioru robót budowlanych ;
_vCz. A
504 _aBibliogr. s. 59, wykaz nor. s. 10-13.
650 9 _aKonstrukcje murowe
655 _aInstrukcje
710 0 _aInstytut Techniki Budowlanej
830 _aInstrukcje. Wytyczne. Poradniki - Instytut Techniki Budowlanej ;
_v425/2006
830 _aWarunki techniczne wykonania i odbioru robót budowlanych ;
020 _a8373706607 (całość)
020 _a8324905472 (z. 3)
040 _cBPK
041 0 _apol
080 _a692.2:691](083.1)
920 _a83-7370-660-7 (całość)
920 _a83-2490-547-2 (z. 3)
942 _cKS
008 s pl f |000 0 pol
999 _c52633
_d52633
856 _uhttp://koha.tu.koszalin.pl/cgi-bin/koha/opac-detail.pl?biblionumber=52633
_yKatalog online BPK